| 000 | 00576cam a22002171 4500 | ||
|---|---|---|---|
| 001 | sa 68006993 | ||
| 003 | DLC | ||
| 005 | 20260227112520.0 | ||
| 008 | 881102s1960 xx 000 0 hinr | ||
| 010 | _asa 68006993 | ||
| 035 | _a(OCoLC)23552298 | ||
| 040 |
_aDLC _cMiU _dDLC |
||
| 042 | _apremarc | ||
| 050 | 0 | 0 |
_aPK2098.B52 _bZ9 |
| 100 | 1 | _aVyāsa, Brajamohana. | |
| 245 | 0 | 0 | _aBālakṛshṇa Bhaṭṭa. |
| 260 |
_a[n.p.] _c[1960] |
||
| 300 |
_a215 p. _billus., facsims, ports. _c18 cm. |
||
| 500 | _aRomanized. | ||
| 600 | 1 | 0 |
_aBhaṭṭa, Bālakr̥shṇa, _d1844-1914. |
| 999 |
_c81593 _d81593 |
||